LEADER 01413nam a2200277 i 4500 001 000000222167 003 CaOOAMICUS 005 20220926145556.0 008 130904s1787 fr u000 u fre u 013 $a201064 026 $ae.l. 0.ns i-m- seti (3) 1787 (R) 040 $aSeMil$bita 240 00$aBhagavadg?t?.$0(OLS)http://semarc/title/152329 245 03$aLe Bhaguat-Geeta, ou Dialogues de Kreeshna et d'Arioon; contenant un precis de la religion & de la morale des Indiens. Traduit du samscrit ... par ... Charles Wilkins .. 260 $aA Londres; et se trouve à Paris :$bChez Buisson,$c1787. 300 $a6, CLXII, 180, [2] p. :$bill. ;$c8°. 650 4$aInduismo - Testi.$0(OLS)http://semarc/subject/2205 700 1 $aWilkins, Charles,$d<1749-1836>.$0(OLS)http://semarc/name/77646 710 0 $aBuisson, François$c.$0(OLS)http://semarc/name/14280 850 $aSeMil 852 $aSeMil$W1$xVenegono$y1$m2Q II 61 FA$j172513$B172513$CSeMilBibl$Z2$F182894 $8I 941 1 $a10 961 $aRecupero: Mantegazza 996 $6245$aLe Bhaguat-Geeta, ou Dialogues de Kreeshna et d'Arioon; contenant un precis de la religion & de la morale des Indiens. Traduit du samscrit ... par ... Charles Wilkins ..$9(OLS)http://semarc/title/318472 996 $6260$aA Londres; et se trouve à Paris :$bChez Buisson$9(OLS)http://semarc/publisher/53244 LEADER 00939nam a2200205 i 4500 001 000000241144 003 CaOOAMICUS 005 20150423000000.0 008 150423s1818 it u000 u fre u 013 $a220049 026 $aeza; eses deit dado (3) 1818 (A) 040 $aSeMil$bita 245 10$aTome 1. 300 $a[4], 576 p. 773 0 $aRuinart, Thierry <1657-1709>$tVéritables actes des martyrs recueillis, revus et corrigés sur plusieurs anciens manuscrits sous le titre de Acta primorum martyrum sincera et selecta par le R.P.D. Thierry Ruinard ... traduits en français par M. Drouet de Maupertuy. Tome 1. [-2].$dA Besançon : Chez Petit, Éditeur et Libraire des Missions, Grand'-rue, 1818.$g1$w()31784 850 $aSeMil 852 $aSeMil$W1$xVenegono$y1$m3E III 25 FA$j191490$B191490$CSeMilBibl$Z2$F202287 $8I 941 1 $a10 961 $aRecupero: Mantegazza 996 $6245$aTome 1$9(OLS)http://semarc/title/1447